000 01113nam a2200289 i 4500
001 14730
003 ES-MaACL
005 20250826043913.0
007 t|
008 890905r19881919sp ||||0| spa j ..|
015 _a1989-OCT-19135
016 7 _zSAB9000058280
040 _aM-BN-DP
_bspa
_cM-BN-DP
080 _a336.2(460)"1902/31"
080 _a336.2
100 1 _aBernis, Francisco,
_d1877-1933
_928345
245 1 3 _aLa Hacienda española
_b: los impuestos /
_cFrancisco Bernis.
260 _a[Madrid] :
_bFundación Fondo para la Investigación Económica y Social de la Confederación Española de Cajas de Ahorros,
_cD.L. 1988.
300 _a78, 360 p., [1] h. pleg. :
_b2 retr. ;
_c17 cm.
500 _aReprod. de la ed. de: Barcelona : Minerva, [1919?]. (Biblioteca de cultura moderna y contemporánea)
504 _aBibliografía: p. 63-69.
650 1 7 _aImpuestos
_2embne
_913633
650 4 _aImpuestos-
_zEspaña
_913634
710 2 _aFundación Fondo para la Investigación Económica y Social.
_94305
852 _aES-MaACL
_jL-21864
_bR.126851
999 _c14730
_d14730